000
00267nam a2200121Ia 4500
008
190216s9999||||xx |||||||||||||| ||und||
100
_a
Pigou A C
245
0
_a
Economics Of Welfare
260
_b
Macmillan
_c
1962
300
_a
876p
650
_a
Economics
942
_c
BK
999
_c
9130
_d
9130